00793cam a2200217 a 4500001000800000005001700008008004100025010001700066020001500083043001200098050002400110100002600134245004400160250001200204260004100216300004900257650004300306650003900349856009700388856009000485259653320170204150037.0970211s1997 nyua 000 0 eng  a 97007691  a0679454667 an-us---00aNC1429 .S568A4 19971 aSorel, Edward,d1929-10aUnauthorized portraits /cEdward Sorel. a1st ed. aNew York :bAlfred A. Knopf ,c1997. axiv, 173 p. :bill. (chiefly col.) ;c27 cm. 0aCelebritiesxCaricatures and cartoons. 0aAmerican wit and humor, Pictorial.423Contributor biographical informationuhttp://www.loc.gov/catdir/bios/random057/97007691.html423Publisher descriptionuhttp://www.loc.gov/catdir/description/random0410/97007691.html